Introduction to radar systems/ (Record no. 2697)

000 -LEADER
fixed length control field 00573nam a2200229Ia 4500
007 - PHYSICAL DESCRIPTION FIXED FIELD--GENERAL INFORMATION
fixed length control field ta
008 - FIXED-LENGTH DATA ELEMENTS--GENERAL INFORMATION
fixed length control field 230330r2018||||ii a ||gd|||||||1 ||eng||
020 ## - INTERNATIONAL STANDARD BOOK NUMBER
International Standard Book Number 9780070445338
Terms of availability Rs. 850.00
040 ## - CATALOGING SOURCE
Original cataloging agency IMU Kochi Library
Language of cataloging eng
041 0# - LANGUAGE CODE
Language code of text/sound track or separate title eng
044 ## - COUNTRY OF PUBLISHING/PRODUCING ENTITY CODE
MARC country code India
082 04 - DEWEY DECIMAL CLASSIFICATION NUMBER
Edition number 23
Classification number 621.3848
Item number Sk53
100 1# - MAIN ENTRY--PERSONAL NAME
Personal name Skolnik, Merrill I.
245 10 - TITLE STATEMENT
Title Introduction to radar systems/
250 ## - EDITION STATEMENT
Edition statement 3rd ed.
260 ## - PUBLICATION, DISTRIBUTION, ETC. (IMPRINT)
Place of publication, distribution, etc Chennai:
Name of publisher, distributor, etc McGraw Hill Education ,
Date of publication, distribution, etc 2018
300 ## - PHYSICAL DESCRIPTION
Extent xii, 772 p. :
Other physical details ill. ;
Dimensions 23 cm.
650 #0 - SUBJECT ADDED ENTRY--TOPICAL TERM
Topical term or geographic name as entry element Radar
852 ## - LOCATION/CALL NUMBER
Location IMU Kochi Library
904 ## - LOCAL DATA ELEMENT D, LDD (RLIN)
CATALOGER Akhil Bose
942 ## - ADDED ENTRY ELEMENTS (KOHA)
Item type Books
Holdings
Withdrawn status Lost status Source of classification or shelving scheme Damaged status Not for loan Collection code Permanent location Current location Shelving location Date acquired Source of acquisition Cost, normal purchase price Full call number Barcode Date last seen Koha item type Public note
          Nautical Science IMU Kochi Library IMU Kochi Library General Stacks 2023-03-30 M/S Maruthi Subscription Services (Inv. No. GST/22-23/73 Dt. 2023-01-02) 850.00 621.3848 Sk53 BK006174 2023-06-19 Books Gen. Shelf-12, Row-5
          Nautical Science IMU Kochi Library IMU Kochi Library General Stacks 2023-03-30 M/S Maruthi Subscription Services (Inv. No. GST/22-23/73 Dt. 2023-01-02) 850.00 621.3848 Sk53 BK006175 2023-06-19 Books Gen. Shelf-12, Row-5


Copyright © All Rights Reserved by Indian Maritime University, Kochi Campus.
For any Suggestions/Query Contact to library or Email: library.kochi@imu.ac.in Ph:(0484)-2989402
(Web OPAC Designed by Rudra Ranjan. Maintained by IMU Kochi Library)

Powered by Koha